00366pab a2200133 454500008004000000100001800040245007400058260000900132300001400141362000800155650002600163700001800189773002500207180718b2004 xxu||||| |||| 00| 0 eng d aCule, Paul E. aA dual-motor, constructive process model of organizational transition c2004 ap.229-60. aFeb aOrganizational change aRobey, Daniel aOrganization Studies